000 01296nam a2200325 i 4500
003 EG-GICUC
005 20260204003147.0
008 260204s2000 ua ||||fr|||| 00| 0 ara d
017 _a1995/5897
020 _a977-00-9387-4
040 _a EG-GICUC
_bara
_c EG-GICUC
_d EG-GICUC
_erda
041 0 _aara
082 0 4 _221
_a343.91
_bه ل . ض
092 0 4 _221
099 _aLaw1 10 343.91 ه ل . ض 2000
100 0 _aهلالي عبدالله احمد
_eمؤلف.
245 1 0 _aضمانات المتهم في مواجهة القبض بين الشريعة الإسلامية والقانون الوضعى :
_b(في فرنسا ومصر والمملكة العربية السعودية ) /
_cهلالي عبدالله احمد.
264 1 _aالقاهرة :
_bدار النهضة العربية،
_c2000.
300 _a246 ؛ صفحة
_c24 سم.
336 _2rda content
_atext
337 _2rda media
_aComputer
338 _2rda carrier
_aOnline Resource
504 _aببليوجرافيا : صفحة 222- 236.
546 _aالنص باللغة العربية
650 1 4 _aالقانون الجنائى.
650 1 4 _aالنظام الجنائي الإسلامي
856 4 0 _uhttps://fll.law.cu.edu.eg/fulltext/bks/B10-08341.pdf
905 _a77
942 _2ddc
_cBK
_e21
_n0
999 _c60844
_d60844